000 00487nam a22001697a 4500
003 NUST - PNEC
005 20170116180756.0
008 150407b xxu||||| |||| 00| 0 eng d
040 _cLIBRARY
082 _a297 GHA
100 _92137
_aGhazali, Hazrat imam
245 _aKhutbat-e-Gazali
_cHazrat Imam Ghazali
260 _aLahore:
_bShabir Brothers,
_cc1993.
300 _a222 p. :
_c22 cm.
650 _92138
_aKhutbat, Instructions relate to Islami talimat
_xIslam
942 _2ddc
_cBK
999 _c62770
_d62770